01614nam a2200301Ia 4500001000600000003000900006008004100015040001300056040001300069041001300082100002200095100002900117245001600146245001600162250001100178260001100189260001500200260004900215300005700264500064400321650002800965650003100993942000701024957000601031999001701037999000601054952025201060F6430IT-RoPAU130308s9999 xx 000 0 und d aIT-RoPAU cIT-RoPAU aITALIANO aZappoli Giancarlo gCodice Aut. SPICS: 22841 aEric Rohmer bEric Rohmer a1a ed. aMILANO bIl Castoro c1998 [1° Ed.:1998 - Ed.Ling.Originale:1998] a"176 p. (prefazione: no ; testo: 176 [pagine: 0-0])" aMonografia su un regista Timido e Schivo Ad Ogni Pubblicità. Incerti Datae Luogo di Nascita, Anche Se Lui Afferma di Essere nato nel 1920 a Tulle (Correze). si chiama Maurice Scherer ed è di Origine Alsaziana. Usa in Genere Due Pseudonimi: Eric Rohmer e Gilbert Cordier. maestro Inimitabile Nellacostruzione di Dialoghi Intensi e di relazioni Amorose Intrecciate Alle regole del Caso. Dalla Nouvelle vague fino Ad Oggi Ha ritratto I Suoi Personaggi con Efficacia. Ricordiamo I Film: la mia Notte con Maud (1969), Il Raggio verde (1986), un Ragazzo tre ragazze (1996), Racconto D'Autunno (1998). Filmografia, videografia e Bibliografia. aAUTORI/OPERE DEL CINEMA eCodice materia Spics: 6807 cBK 71 c87382d87382 g1 0010406F_000000000000000_643071aSPICSbSPICSd2013-03-08l0oF6430r2013-03-08 00:00:00w2013-03-08yBKzProgressivo inserimento: 34927 / Fascicolo: 191 N. Volumi: 1 Copie: 1 / data import: 1 marzo 2013 - By Epidotti, Trombetti, Vaglietti.